Southville International School and Colleges
Your cart is empty.
  • Cart
  • Lists
    Public lists Eva Luna New books Lux_list list_1
    Your lists Log in to create your own lists
  • Log in to your account
  • Your cookies
  • Search history
Southville International School and Colleges
  • Advanced search
  • Recent comments
  • Most popular
  • Libraries

Log in to your account

Log in with GOOGLE


If you do not have an external account, but do have a local account, you can still log in:

  1. Home
  2. MARC view: Unhappy Far-Off Things
Normal view MARC view ISBD view

Unhappy Far-Off Things (Record no. 243075)

[ view plain ]
MARC details
000 -LEADER
fixed length control field 00710cam a22002293a 4500
001 - CONTROL NUMBER
control field 13820
003 - CONTROL NUMBER IDENTIFIER
control field PGUSA
005 - DATE AND TIME OF LATEST TRANSACTION
control field 20140828083309.0
008 - FIXED-LENGTH DATA ELEMENTS--GENERAL INFORMATION
fixed length control field 041021s2004||||xxu|||||s|||||000 | eng d
040 ## - CATALOGING SOURCE
Original cataloging agency PGUSA
Language of cataloging eng
042 ## - AUTHENTICATION CODE
Authentication code dc
050 #4 - LIBRARY OF CONGRESS CALL NUMBER
Classification number D501
100 1# - MAIN ENTRY--PERSONAL NAME
Personal name Dunsany, Edward John Moreton Drax Plunkett, Baron,
Dates associated with a name 1878-1957
245 10 - TITLE STATEMENT
Title Unhappy Far-Off Things
Medium [electronic resource] /
Statement of responsibility, etc Edward John Moreton Drax Plunkett, Baron Dunsany
260 ## - PUBLICATION, DISTRIBUTION, ETC. (IMPRINT)
Name of publisher, distributor, etc Project Gutenberg,
Date of publication, distribution, etc 2004
506 ## - RESTRICTIONS ON ACCESS NOTE
Terms governing access Public domain in the USA.
516 ## - TYPE OF COMPUTER FILE OR DATA NOTE
Type of computer file or data note Electronic text
653 ## - INDEX TERM--UNCONTROLLED
Uncontrolled term World War, 1914-1918 -- France
830 #0 - SERIES ADDED ENTRY--UNIFORM TITLE
Uniform title Project Gutenberg
Volume number/sequential designation 13820
856 40 - ELECTRONIC LOCATION AND ACCESS
Uniform Resource Identifier <a href="http://www.gutenberg.org/ebooks/13820">http://www.gutenberg.org/ebooks/13820</a>
942 ## - ADDED ENTRY ELEMENTS (KOHA)
Koha item type eBooks
Holdings
Withdrawn status Lost status Damaged status Home library Current library Date acquired Total Checkouts Date last seen Price effective from Koha item type
      Project Gutenberg Project Gutenberg 08/28/2014   08/28/2014 08/28/2014 eBooks

Unhappy Far-Off Things

APA

Dunsany E. J. M. D. P. B., . (2004). Unhappy Far-Off Things. : Project Gutenberg.

Chicago

Dunsany Edward John Moreton Drax Plunkett Baron, . 2004. Unhappy Far-Off Things. : Project Gutenberg.

Harvard

Dunsany E. J. M. D. P. B., . (2004). Unhappy Far-Off Things. : Project Gutenberg.

MLA

Dunsany Edward John Moreton Drax Plunkett Baron, . Unhappy Far-Off Things. : Project Gutenberg. 2004.

  • Place hold
  • Print
  • Cite
  • Add to your cart (remove)
  • Save record
    BIBTEX Dublin Core MARCXML MARC (non-Unicode/MARC-8) MARC (Unicode/UTF-8) MARC (Unicode/UTF-8, Standard) MODS (XML) RIS
  • More searches
    Search for this title in:
    Other Libraries (WorldCat) Other Databases (Google Scholar) Online Stores (Bookfinder.com) Open Library (openlibrary.org)

Exporting to Dublin Core...

SOUTHVILLE LIBRARY

Southville International School and Colleges Library

1281 Tropical Ave. Cor. Luxembourg St., BF Homes International, Las Pinas City

Tel. No. 8256374 / 252358 Loc. 117/146

Powered by Koha